Un árbol para todo propósito : introducción y evaluación de árboles de uso múltiple para agroforestería /

Guardado en:
Autor Principal: Wood, P. J.
Autores Corporativos: Instituto Interamericano de Cooperación para la Agricultura., International Centre for Research in Agroforestry.
Otros Autores: Burley, J.
Formato: Libro
Idioma:Spanish
Publicado: San José : IICA : ICRAF, 1995.
Series:Colección investigación y desarrollo ; nº 27
Acceso en línea:Acceso a texto completo
Etiquetas: Agregar Etiqueta
Sin Etiquetas, Sea el primero en etiquetar este registro!
LEADER 00921nam a22002175a 4500
001 EEA.libagro005127
008 130809s1995####cr#a##########000#0#spa#d
005 20200904103309.0
245 1 0 |a Un árbol para todo propósito :  |b introducción y evaluación de árboles de uso múltiple para agroforestería /  |c P.J. Wood, J. Burley. 
260 |a San José :  |b IICA :  |b ICRAF,  |c 1995. 
300 |a 180 p. :  |b il. ;  |c 26 cm. 
490 1 |a Colección investigación y desarrollo ;  |v nº 27 
530 |a Disponible también en línea 
020 |a 929039255X 
100 1 |a Wood, P. J.  |q (Peter J.) 
700 1 |a Burley, J.  |q (Jeffrey) 
710 2 |a Instituto Interamericano de Cooperación para la Agricultura. 
710 2 |a International Centre for Research in Agroforestry. 
082 0 4 |a 634.9 
856 4 1 |3 Acceso a texto completo  |u http://orton.catie.ac.cr/REPDOC/A8714E/A8714E.PDF 
859 |a AR-BbBCA  |b BIB. AGRONOMIA  |h 634.9  |i W878  |p 1995/2398